[Event "WYb18"]
[Site "Kemer TUR"]
[Date "2007.11.28"]
[Round "11"]
[White "Caspi,I"]
[Black "Idrisov,T"]
[Result "1-0"]
[WhiteElo "2377"]
[BlackElo "2191"]

1.d4 Nf6 2.c4 e6 3.Nf3 b6 4.g3 Ba6 5.Qc2 c5 6.d5 exd5 7.cxd5 d6 8.Nc3 Be7
9.Rb1 O-O 10.Bg2 Bb7 11.O-O Na6 12.Rd1 Re8 13.a3 Bf8 14.b4 Rc8 15.b5 Nc7
16.e4 g6 17.Nd2 Bg7 18.Nc4 Ng4 19.Bh3 h5 20.Bf4 Bd4 21.Bxg4 hxg4 22.Nxd6 Bh8
23.Nxc8 Bxc8 24.Ne2 Bg7 25.Rb3 Qd7 26.a4 Rd8 27.Rbd3 Bb7 28.R3d2 a6 29.bxa6 Nxa6
30.Qb3 Nb4 31.Nc3 Re8 32.Re1 Ba6 33.Nb5 Bxb5 34.axb5 Qxb5 35.e5 c4 36.Qb1 Qc5
37.e6 c3 38.exf7+ Kxf7 39.Rxe8 cxd2 40.Re6 Qc2 41.Qxc2 Nxc2 42.Bxd2 Nd4 43.Rxb6 Nf3+
44.Kg2 Nxd2 45.Rb7+ Kf8 46.d6 Bf6 47.Rb8+ Kf7 48.d7 Nf3 49.d8=Q Bxd8 50.Rxd8 Kf6  1-0

[Event "WYg18"]
[Site "Kemer TUR"]
[Date "2007.11.28"]
[Round "11"]
[White "Gunina,V"]
[Black "Gomes,Ma"]
[Result "1-0"]
[WhiteElo "2359"]
[BlackElo "2262"]

1.d4 Nf6 2.c4 e6 3.Nf3 b6 4.g3 Ba6 5.b3 Bb4+ 6.Bd2 Be7 7.Bg2 c6 8.O-O d5
9.Ne5 Nfd7 10.Nxd7 Nxd7 11.Bc3 O-O 12.Nd2 Rc8 13.e4 c5 14.exd5 exd5 15.dxc5 dxc4
16.c6 cxb3 17.Re1 b2 18.Bxb2 Nc5 19.Ba3 Bf6 20.Rc1 Bb5 21.Nb3 Nd3 22.Bxf8 Kxf8
23.Bh3 Rc7 24.Bd7 Nxe1 25.Qxe1 a5 26.Qd2 Bg5 27.Qd6+ Be7 28.Qd5 Ba4 29.Qe4 Bxb3
30.Qxh7 Bb4 31.axb3 Qg5 32.Rc4 Ke7 33.Re4+ Kd6 34.Rd4+ Kc5 35.Rc4+ Kd6 36.Qd3+ Ke7
37.Re4+ Kf6 38.Qd4+  1-0

[Event "20th Belgrade Trophy"]
[Site "Belgrade SRB"]
[Date "2007.11.30"]
[Round "9"]
[White "Parligras,M"]
[Black "Perunovic,Mio"]
[Result "1-0"]
[WhiteElo "2553"]
[BlackElo "2407"]

1.d4 Nf6 2.c4 e6 3.Nf3 b6 4.g3 Ba6 5.Qc2 Bb7 6.Bg2 Bb4+ 7.Nc3 Be4 8.Qb3 Bxc3+
9.Qxc3 O-O 10.O-O d6 11.b3 Nbd7 12.Bb2 a5 13.Rfe1 Qe7 14.Bf1 Bb7 15.Nd2 c5
16.e4 cxd4 17.Qxd4 Rfd8 18.Bg2 Nc5 19.Rad1 Bc6 20.a3 b5 21.b4 axb4 22.axb4 e5
23.Qe3 Ne6 24.Ra1 Qb7 25.cxb5 Qxb5 26.Bc3 Qb7 27.Rxa8 Rxa8 28.Nc4 Qc7 29.Na5 Bb5
30.Rc1 Qd7 31.Bb2 Rb8 32.Qd2 h6 33.h4 Ba4 34.Nc4 Ne8 35.Ne3 Bc6 36.Nd5 Kh7
37.Bh3 Qb7 38.Bf5+ Kh8 39.Bc3 N8c7 40.Nxc7 Qxc7 41.Bb2 Qd7 42.Rd1 Rd8 43.Qe3 Qc7
44.Qb3 Qe7 45.Qc4 Rc8 46.Qa6 Rc7 47.b5 Nc5 48.Qb6 Na4 49.Qb8+ Be8 50.Bxe5 Rb7
51.Qxd6 Qxd6 52.Rxd6 Rxb5 53.Bd4 Rb8 54.Rxh6+ Kg8 55.Rd6 f6 56.Bd7 Bg6 57.Bxa4 Rb1+
58.Kg2  1-0

[Event "TCh-AUT 1st Bundesliga 2007-8"]
[Site "Baden AUT"]
[Date "2007.12.01"]
[Round "2"]
[White "Kantorik,M"]
[Black "Baumegger,S"]
[Result "1/2-1/2"]
[WhiteElo "2345"]
[BlackElo "2443"]

1.d4 Nf6 2.c4 e6 3.Nf3 b6 4.g3 Ba6 5.Qc2 Bb7 6.Bg2 Bb4+ 7.Bd2 Bxd2+ 8.Nbxd2 c5
9.d5 exd5 10.Nh4 O-O 11.O-O Nc6 12.cxd5 Nd4 13.Qd1 Bxd5 14.Bxd5 Nxd5 15.e3 Nc6
16.Nc4 Nf6 17.Nd6 Ne8 18.Nhf5 Qf6 19.Qd2 Nxd6 20.Nxd6 Nd4 21.exd4 Qxd6 22.Rad1 c4
23.d5 Rfe8 24.Qd4 Rac8 25.Rfe1 Rxe1+ 26.Rxe1 h6 27.h4 a6 28.Re4 b5 29.a3 Qf6
30.Qxf6 gxf6 31.Re7 Rd8 32.Kf1 a5 33.Ke2 Kf8 34.d6 b4 35.Kd2 c3+ 36.bxc3 bxa3
37.Re4 Rb8 38.Ra4 Rb2+ 39.Ke3 a2 40.Rxa5 Rc2 41.Kd3 Rxf2 42.c4 Rf3+ 43.Kd4 Rf2
44.Kc3 Rf3+ 45.Kb4 Rf2 46.Kb3 Rf3+ 47.Kxa2 Rxg3 48.Kb2 Rd3 49.c5 f5 50.Kc2 Rd5
51.Kc3 Kg7 52.Ra7 f4 53.Rxd7 f3 54.Ra7 f2 55.Ra1 Rxc5+ 56.Kd4 Rf5 57.Rf1 Kf8
58.Ke4 Rf6 59.Ke5 Rf3 60.Ke4 Rf6 61.Ke5 Re6+ 62.Kf5 Re2 63.Kg4 Rd2 64.Kh5 Kg7
65.d7 Rxd7 66.Rxf2 Rd5+ 67.Kg4 Kg6 68.Ra2 f5+ 69.Kg3 Rd3+ 70.Kg2 Rd4 71.Ra6+ Kh5
72.Rf6 Kg4 73.Rxh6 Rd2+ 74.Kf1 f4 75.Ra6 Kg3 76.h5 Rh2 77.Kg1 Rg2+ 78.Kh1 Rh2+
79.Kg1 Rxh5 80.Rg6+ Kf3 81.Ra6 Kg3 82.Rg6+ Kf3 83.Ra6 Re5 84.Kf1 Re3 85.Ra2 Rb3
86.Rf2+ Ke4 87.Re2+ Kf5 88.Ra2 Rh3 89.Kg2 Kg4 90.Ra8 f3+  1/2-1/2

[Event "TCh-AUT 1st Bundesliga 2007-8"]
[Site "Baden AUT"]
[Date "2007.12.02"]
[Round "3"]
[White "Tratar,M"]
[Black "Kantorik,M"]
[Result "1-0"]
[WhiteElo "2502"]
[BlackElo "2345"]

1.d4 Nf6 2.c4 e6 3.Nf3 b6 4.g3 Ba6 5.b3 d5 6.Bg2 Bb4+ 7.Bd2 Bxd2+ 8.Nbxd2 Bb7
9.O-O O-O 10.cxd5 exd5 11.Ne5 Nbd7 12.Nxd7 Nxd7 13.Rc1 c5 14.dxc5 bxc5 15.Nb1 Qg5
16.Rc2 Rfd8 17.Qd2 Qg6 18.Rd1 Rac8 19.Qc1 Qe6 20.e3 h6 21.Nc3 Nb6 22.Ne2 Qe7
23.h4 a5 24.Nf4 d4 25.Bxb7 Qxb7 26.exd4 cxd4 27.Rxc8 Nxc8 28.Qc5 Qb6 29.Qxb6 Nxb6
30.Rd3 a4 31.Ne2 axb3 32.axb3 Ra8 33.Rxd4 Ra2 34.Nf4 Rb2 35.b4 Na4 36.Nd5 g6
37.g4 g5 38.h5 Kg7 39.Kg2 Rb3 40.Ne3 Nb2 41.Nf5+ Kf6 42.Nxh6 Nd3 43.Rd6+ Kg7
44.Nf5+ Kh7 45.Rd7 Nf4+ 46.Kh2 Rxb4 47.Rxf7+ Kh8 48.Ng3 Nd3 49.f3 Rb2+ 50.Kg1 Rb1+
51.Kg2 Nf4+ 52.Kf2 Kg8 53.Rf5 Kh8 54.Ne4 Rb2+ 55.Ke3 Rb3+ 56.Kd4 Rxf3 57.Nxg5 Ne2+
58.Ke5 Rg3 59.h6 Re3+ 60.Kf6 Re8 61.Nf7+  1-0

[Event "Parsvnath ch-Commonwealth"]
[Site "New Delhi IND"]
[Date "2007.12.03"]
[Round "2"]
[White "Karavade,E"]
[Black "Preethi,R"]
[Result "1-0"]
[WhiteElo "2331"]
[BlackElo "2125"]

1.d4 Nf6 2.c4 e6 3.Nf3 b6 4.g3 Ba6 5.Qc2 d5 6.cxd5 exd5 7.Bg2 Be7 8.O-O O-O
9.Nc3 Re8 10.Bf4 Nbd7 11.Rfd1 Nf8 12.Ne5 Ne6 13.Nc6 Qd7 14.Nxe7+ Qxe7 15.Be5 c6
16.e4 Nxe4 17.Nxe4 dxe4 18.Qxe4 Rac8 19.Qg4 f6 20.Bf4 Ng5 21.Be3 Nf7 22.Rac1 Bb7
23.Qe2 Nd6 24.Qd3 Qe6 25.Bf4 Nf7 26.a3 Rcd8 27.Qc3 Rc8 28.Re1 Qd7 29.Rxe8+ Qxe8
30.Bh3 Ra8 31.Re1 Qf8 32.Qe3 c5 33.dxc5 bxc5 34.Qb3 Bc6 35.Bg2 Bxg2 36.Kxg2 Re8
37.Rxe8 Qxe8 38.Qd5 g5 39.Be3 Kg7 40.Bxc5 Qb8 41.b4 Qc7 42.Qa8 Ne5 43.Qxa7 Qxa7
44.Bxa7 Nc4 45.a4 Kf7 46.b5 Ke7 47.b6 Nd6 48.a5 Kd7 49.a6 Kc6 50.b7 Nxb7
51.axb7 Kxb7 52.Bd4 f5 53.Kf3 Kc6 54.Bf6 g4+ 55.Kf4  1-0

[Event "Parsvnath ch-Commonwealth"]
[Site "New Delhi IND"]
[Date "2007.12.04"]
[Round "3"]
[White "Khegay,A"]
[Black "Sumant,S"]
[Result "0-1"]
[WhiteElo "2218"]
[BlackElo "1956"]

1.d4 Nf6 2.Nf3 e6 3.c4 b6 4.g3 Ba6 5.b3 Bb4+ 6.Bd2 Be7 7.Bg2 d5 8.O-O c6
9.Bc3 O-O 10.Nbd2 Nbd7 11.Re1 Rc8 12.e4 dxe4 13.Nxe4 Nxe4 14.Rxe4 Bf6 15.Re3 Qc7
16.Ne5 Nxe5 17.dxe5 Bg5 18.Rd3 Rfd8 19.f4 Be7 20.Rxd8+ Rxd8 21.Qf3 b5 22.b4 c5
23.a3 bxc4 24.Qc6 Qb6 25.Kf1 Bb5 26.Qxb6 axb6 27.Be4 Ba4 28.Ke2 f5 29.exf6 Bxf6
30.Bxf6 gxf6 31.bxc5 bxc5 32.Rc1 f5 33.Bb1 Rd4 34.Rc3 Kf7 35.Ke3 Bb3 36.Rc1 Ke7
37.g4 Kf6 38.gxf5 exf5 39.Rg1 Rd8 40.h4 Rd5 41.Re1 Bd1 42.Rg1 c3 43.Rg2 c4
44.Bc2 Bxc2 45.Rxc2 Rd3+ 46.Ke2 Ke6 47.Rc1 Kd5 48.a4 Kd4 49.Ra1 Rd2+ 50.Kf3 c2  0-1

[Event "Parsvnath ch-Commonwealth"]
[Site "New Delhi IND"]
[Date "2007.12.04"]
[Round "3"]
[White "Balasubramaniun,Ramn"]
[Black "Kunte,A"]
[Result "1/2-1/2"]
[WhiteElo "2266"]
[BlackElo "2547"]

1.d4 Nf6 2.Nf3 e6 3.c4 b6 4.g3 Ba6 5.Qc2 Bb4+ 6.Bd2 Be7 7.Bg2 O-O 8.O-O d5
9.Ne5 c6 10.cxd5 cxd5 11.Nc3 Nfd7 12.Nxd7 Qxd7 13.Rac1 Rc8 14.Rfe1 Nc6 15.Qa4 Qb7
16.e4 b5 17.Qd1 dxe4 18.Bxe4  1/2-1/2

[Event "Parsvnath ch-Commonwealth"]
[Site "New Delhi IND"]
[Date "2007.12.04"]
[Round "3"]
[White "Ashwin,J"]
[Black "Sangma,R"]
[Result "1-0"]
[WhiteElo "2478"]
[BlackElo "2318"]

1.d4 Nf6 2.c4 e6 3.Nf3 b6 4.g3 Ba6 5.b3 Bb4+ 6.Bd2 Be7 7.Nc3 c6 8.e4 d5 9.Qe2 c5
10.e5 Nfd7 11.Qe3 dxc4 12.d5 exd5 13.Nxd5 Nc6 14.e6 Nf6 15.exf7+ Kf8 16.Nf4 Nd4
17.Nxd4 cxd4 18.Ne6+ Kxf7 19.Nxd8+ Raxd8 20.Qf3 Rhe8 21.Bxc4+  1-0

[Event "Parsvnath ch-Commonwealth"]
[Site "New Delhi IND"]
[Date "2007.12.05"]
[Round "5"]
[White "Deepan,C"]
[Black "Sangma,R"]
[Result "1-0"]
[WhiteElo "2492"]
[BlackElo "2318"]

1.d4 Nf6 2.c4 e6 3.Nf3 b6 4.g3 Ba6 5.b3 Bb4+ 6.Bd2 Be7 7.Nc3 O-O 8.e4 d5
9.cxd5 Bxf1 10.Kxf1 exd5 11.e5 Ne4 12.Kg2 c5 13.Re1 Nc6 14.Qe2 Nxc3 15.Bxc3 Rc8
16.Rad1 Qd7 17.dxc5 bxc5 18.e6 fxe6 19.Qxe6+ Qxe6 20.Rxe6 d4 21.Bd2 Bf6 22.Ne1 Kf7
23.Re4 Ne7 24.Rc1 Nd5 25.Nd3 c4 26.Rxc4 Rxc4 27.bxc4 Nc3 28.Re1 Rc8 29.c5 Rc6
30.Bxc3 dxc3 31.Re4 Rc8 32.Rc4 Rd8 33.Nf4 Rd4 34.Rxc3 Rxf4 35.Ra3 Rc4 36.Rxa7+ Ke6
37.Ra5 Bd4 38.f4 Bxc5 39.Kf3 h5 40.Ke2 Kd5 41.Kd3 Rd4+ 42.Ke2 Rb4 43.Ra8 Re4+
44.Kd3 Re3+ 45.Kd2 Ke4 46.Rh8 g6 47.Rg8 Bb4+ 48.Kd1 Kf5 49.Rb8 Re1+ 50.Kc2 Bd6
51.Rb5+ Kf6 52.Kd3 Rh1 53.Rb2 Kf5 54.Rb5+ Ke6 55.Rb2 Kd5 56.Ke3 Bc5+ 57.Kf3 Ra1
58.Re2 Bd4 59.Kg2 Kc4 60.Kh3 Kd5 61.Kg2 Rb1 62.Kf3 Rg1 63.Rc2 Rd1 64.Re2 Rd3+
65.Kg2 Be3 66.Rb2 Ke4 67.Rc2 Bd4 68.Re2+ Kf5 69.Kh3 Ra3 70.Rc2 Be3 71.Rb2 Bxf4
72.Rf2 g5 73.Kg2 h4 74.gxf4 h3+ 75.Kf1 gxf4 76.Rb2 Kg4 77.Kf2 Rc3 78.Re2 Rc1
79.Re1 Rc2+ 80.Re2 Rc3 81.Re1 Rf3+ 82.Kg1 Ra3 83.Re2 Kf3 84.Kf1 Rc3 85.Rf2+ Ke4
86.Re2+ Kf3 87.Rf2+ Kg4 88.Re2 Rd3 89.Kf2 Rf3+ 90.Kg1 Kf5 91.Re1 Kg5 92.Re5+ Kh4
93.Re1 Kg4 94.Re2 Rc3 95.Kf2 Ra3 96.Kg1 Kf3 97.Kf1 Ra8 98.Rf2+ Ke3 99.Re2+ Kd3
100.Kf2 f3 101.Re3+ Kd2 102.Rxf3 Rxa2 103.Rxh3 Kd1+ 104.Kg1 Ke2 105.Rg3 Ra8
106.Kg2 Rh8 107.Rg4 Ke3 108.h4 Rf8 109.h5 Rh8 110.Rh4 Rg8+ 111.Kh3 Kf2 112.Ra4 Rg1
113.Kh4 Kf3 114.h6 Rb1 115.Ra3+ Kf4 116.h7 Rb8 117.Rg3 Rh8 118.Rg7 Kf5 119.Kh5 Kf6
120.Kh6  1-0

[Event "Chigorin Mem A"]
[Site "St Petersburg RUS"]
[Date "2007.12.05"]
[Round "5"]
[White "Slugin,S"]
[Black "Yemelin,V"]
[Result "0-1"]
[WhiteElo "2403"]
[BlackElo "2564"]

1.d4 Nf6 2.c4 e6 3.Nf3 b6 4.g3 Ba6 5.Qc2 Bb7 6.Bg2 c5 7.d5 exd5 8.cxd5 Nxd5
9.Qb3 Nc7 10.Ne5 d5 11.Nc3 Be7 12.O-O Nc6 13.Qa4 b5 14.Nxb5 O-O 15.Nxc7 Qxc7
16.Nxc6 Bxc6 17.Qc2 Rac8 18.Bf4 Qd7 19.Rac1 d4 20.b3 Bb5 21.Rfe1 Rfe8 22.Be4 g6
23.Bd3 Bc6 24.Ba6 Rcd8 25.Qd3 g5 26.Bd2 Qh3 27.f3 Bd6 28.Bc4 Bxg3 29.hxg3 Qxg3+
30.Kf1 Qh3+ 31.Kg1 Qg3+ 32.Kf1 Qh3+ 33.Kg1 Rd6 34.Bxf7+ Kf8 35.Rxc5 Qg3+
36.Kf1 Bd7 37.Be6 Rexe6 38.Rxg5 Qh3+ 39.Kf2 Qh4+ 40.Rg3 Rg6 41.Rg1 Rxg3 42.Rxg3 Rg6
43.Bb4+ Kf7 44.Qc4+ Ke8 45.Bd6 Qh2+ 46.Ke1 Rxg3 47.Bxg3 Qxg3+ 48.Kd1 Qg1+
49.Kc2 Qg7 50.Qd5 a6 51.Kd2 Ke7 52.Qc5+ Kf7 53.Qc4+ Kg6 54.Qxa6+ Qf6 55.Qc4 Be6
56.Qc7 h5 57.Ke1 h4 58.Kf2 Qg5 59.Qd6 Qg3+ 60.Qxg3+ hxg3+ 61.Kxg3 Kf5 62.b4 Bxa2
63.b5 Bc4 64.b6 Ba6  0-1

[Event "Open"]
[Site "Granada ESP"]
[Date "2007.12.06"]
[Round "2"]
[White "Martinez Rodriguez,P1"]
[Black "Campora,D"]
[Result "0-1"]
[WhiteElo "2295"]
[BlackElo "2535"]

1.d4 Nf6 2.Nf3 e6 3.c4 b6 4.g3 Ba6 5.b3 b5 6.cxb5 Bxb5 7.Bg2 Be7 8.O-O O-O
9.Bb2 a5 10.Nc3 Bc6 11.Rc1 Qc8 12.Re1 Bb4 13.Bf1 Bxf3 14.exf3 Nc6 15.f4 Ne7
16.Qd3 c6 17.Red1 Bxc3 18.Bxc3 Nfd5 19.Be1 Qb7 20.Rc4 Ra7 21.h4 Rfa8 22.h5 h6
23.Qf3 f5 24.Bd2 Nf6 25.Bd3 Ned5 26.Rdc1 Qb8 27.Kg2 Qe8 28.Rh1 Nb4 29.Bb1 Rb7
30.Qe2 Nbd5 31.Bd3 Rba7 32.Qd1 Nb6 33.Rc1 a4 34.b4 a3 35.Rb1 Na4 36.Rb3 Nb2
37.Qf3 Nxd3 38.Rxd3 Ra4 39.Rb3 Qf8 40.Rd1 Nd5 41.Rdb1 Nc7 42.g4 fxg4 43.Qxg4 Qf5
44.Qxf5 exf5 45.Rc1 Nd5 46.Rc5 Rb8 47.b5 Rxd4 48.bxc6 Rxb3 49.cxd7 Nxf4+
50.Bxf4 Rbd3 51.Rxf5 Rxd7  0-1

[Event "TCh-HUN 2007-8"]
[Site "Budapest HUN"]
[Date "2007.12.09"]
[Round "4"]
[White "Kiss,Pa1"]
[Black "Izsak,Gyu"]
[Result "1/2-1/2"]
[WhiteElo "2370"]
[BlackElo "2427"]

1.d4 Nf6 2.c4 e6 3.Nf3 b6 4.g3 Ba6 5.b3 Bb4+ 6.Bd2 Be7 7.Bg2 c6 8.Bc3 d5
9.Nbd2 Nbd7 10.O-O O-O 11.Re1 Bb7 12.e4 Nxe4 13.Nxe4 dxe4 14.Rxe4 c5 15.Re3 Bf6
16.Rd3 Qe7 17.Qe2 cxd4 18.Nxd4 Nc5 19.Rd2 Bxg2 20.Kxg2 Qb7+  1/2-1/2

[Event "Parsvnath ch-Commonwealth"]
[Site "New Delhi IND"]
[Date "2007.12.10"]
[Round "10"]
[White "Uthra,P"]
[Black "Phoobalan,P"]
[Result "0-1"]
[WhiteElo "2055"]
[BlackElo "2250"]

1.d4 Nf6 2.c4 e6 3.Nf3 b6 4.g3 Ba6 5.Qa4 Be7 6.Bg2 O-O 7.Ne5 d5 8.O-O Bb7
9.Nc3 a6 10.Rd1 h6 11.cxd5 exd5 12.b4 Qd6 13.a3 Qe6 14.Qb3 Rd8 15.a4 Nc6
16.Nxc6 Bxc6 17.Bf4 Bd6 18.Bxd6 Qxd6 19.b5 Bb7 20.Rdc1 Qd7 21.a5 axb5 22.axb6 cxb6
23.Nxb5 Ba6 24.Nc7 Bc4 25.Qxb6 Rab8 26.Qa5 Bxe2 27.Rc5 Bc4 28.Qc3 Qg4 29.h3 Qg6
30.Re1 Rb1 31.Ra5 Qd3 32.Qxd3 Rxe1+ 33.Qf1 Bxf1 34.Bxf1 Rc8 35.Rc5 Ne4 36.Rc2 Rxc7
37.Rxc7 Nd2 38.Rc8+ Kh7 39.Rd8 Rxf1+ 40.Kg2 Rd1 41.Rxd5 Nb3 42.Rd7 f6 43.d5 Nd4
44.Rd8 Nc6 45.Rd7 Ne5 46.Rd8 Kg6 47.f4 Rd2+ 48.Kf1 Nc4 49.Ke1 Rd4 50.Ke2 Nb6
51.d6 h5 52.Kf3 Nc4 53.d7 Nb6 54.g4 hxg4+ 55.hxg4 Rxd7 56.Rb8 Nc4 57.Ke4 Re7+
58.Kf3 Re3+ 59.Kf2 Rd3 60.Rb4 Nd6 61.Ra4 Nf7 62.Ra1 Nh6 63.Rg1 Kf7 64.g5 Nf5
65.gxf6 gxf6 66.Ra1 Ne7 67.Ra4 Kg6 68.Re4 Nf5 69.Ke2 Rb3 70.Kf2 Ng3 71.Re3 Rxe3
72.Kxe3 Kf5 73.Kf3 Nh5 74.Ke3 Nxf4 75.Kf3 Nd5 76.Kg3 Ke4  0-1

[Event "Parsvnath ch-Commonwealth"]
[Site "New Delhi IND"]
[Date "2007.12.10"]
[Round "10"]
[White "Imocha,L"]
[Black "Divyasri,C"]
[Result "1/2-1/2"]
[WhiteElo "2272"]
[BlackElo "2050"]

1.d4 Nf6 2.c4 e6 3.Nf3 b6 4.g3 Ba6 5.b3 Bb4+ 6.Bd2 Be7 7.Bg2 c6 8.O-O O-O
9.Bc3 d5 10.Nbd2 Nbd7 11.Qc2 c5 12.Rfe1 Bb7 13.Rad1 Qc7 14.Bb2 Rac8 15.cxd5 Nxd5
16.dxc5 Qxc5 17.Qxc5 Nxc5 18.Nc4 Rfd8 19.Rc1 Nb4 20.Ba3 Ne4 21.Nfe5 Bc5 22.Bxb4 Bxb4
23.Rf1 b5 24.Nd3 bxc4 25.Nxb4 cxb3 26.axb3 a5 27.Nd3 Ba8 28.Rxc8 Rxc8 29.Ra1 Nd2
30.Bxa8 Rxa8 31.Nc5 h6 32.f3 Rb8  1/2-1/2

[Event "KNSB TCh-NED 2007-8"]
[Site "Netherlands NED"]
[Date "2007.12.15"]
[Round "5"]
[White "Ris,R"]
[Black "Bakker,S"]
[Result "1-0"]
[WhiteElo "2381"]
[BlackElo "2244"]

1.d4 Nf6 2.c4 e6 3.Nf3 b6 4.g3 Ba6 5.Qc2 Bb4+ 6.Bd2 Be7 7.e4 d5 8.cxd5 Bxf1
9.Kxf1 exd5 10.e5 Ne4 11.Kg2 Qd7 12.Nc3 Nxc3 13.bxc3 Nc6 14.h4 h6 15.Rae1 O-O-O
16.h5 Qe6 17.Ng1 f6 18.Qg6 Bf8 19.Nh3 Ne7 20.exf6 Qxf6 21.Qxf6 gxf6 22.Re6 Rd6
23.Rxd6 cxd6 24.Nf4 Kd7 25.Kf3 Bg7 26.Re1 Rh7 27.Ne6  1-0

[Event "ch-Hafnarfjordur"]
[Site "Reykjavik ISL"]
[Date "2007.12.15"]
[Round "5"]
[White "Salama,O"]
[Black "Danielsen,Hen"]
[Result "0-1"]
[WhiteElo "2232"]
[BlackElo "2491"]

1.d4 Nf6 2.c4 e6 3.Nf3 b6 4.g3 Ba6 5.b3 Bb7 6.Bg2 Bb4+ 7.Bd2 a5 8.O-O O-O
9.Nc3 d6 10.a3 Bxc3 11.Bxc3 Nbd7 12.Qc2 Be4 13.Qb2 Qb8 14.Rfe1 b5 15.Bf1 bxc4
16.bxc4 Qxb2 17.Bxb2 Rfb8 18.Bc3 Nb6 19.Nd2 Na4 20.Rec1 Nxc3 21.Rxc3 Rb2
22.Nxe4 Nxe4 23.Rcc1 Rab8 24.Bg2 Nd2 25.Rc3 Rb1+ 26.Rc1 Rxa1 27.Rxa1 Rb1+
28.Rxb1 Nxb1 29.a4 Nc3 30.Kf1 Nxa4 31.Ke1 Nb6 32.c5 dxc5 33.dxc5 Nd7 34.Kd2 Nxc5
35.Kc3 Nd7 36.Kc4 Ne5+ 37.Kb5 Ng4 38.Kxa5 Kf8 39.Kb5 Ke7 40.h3 Nxf2 41.Kc4 Kd6
42.Kd4 c5+ 43.Ke3 Nd1+ 44.Kd2 Nb2 45.Be4 f5 46.Bc2 Nc4+ 47.Kc3 Ne3 48.Ba4 e5
49.Kd3 Nf1 50.g4 e4+ 51.Kc3 f4  0-1

[Event "7th Amplico AIG Life"]
[Site "Warsaw POL"]
[Date "2007.12.15"]
[Round "5"]
[White "Bobula,M"]
[Black "Vovk,Y"]
[Result "1-0"]
[WhiteElo "2423"]
[BlackElo "2561"]

1.d4 Nf6 2.c4 e6 3.Nf3 b6 4.g3 Ba6 5.b3 d5 6.cxd5 exd5 7.Bg2 Bb4+ 8.Bd2 Be7
9.O-O O-O 10.Bc3 Re8 11.Re1 Bb7 12.Nbd2 Na6 13.Bb2 c5 14.dxc5 bxc5 15.Ne5 Nc7
16.Rc1 Ne6 17.e4 d4 18.Ndc4 a5 19.f4 Nf8 20.Nd3 N6d7 21.Ba3 Qb8 22.Ncb2 Rc8
23.Na4 Qa7 24.Rc2 Ba6 25.e5 Rab8 26.f5 c4 27.Bxe7 cxd3 28.Rxc8 Rxc8 29.e6 fxe6
30.fxe6 d2 31.Qxd2 d3+ 32.Kh1 Nxe6 33.Nc3 Nd4 34.Bg5 Qc5 35.Ne4 Qb6 36.Be3 Rc2
37.Bxd4 Qxd4 38.Qxa5 Nb8 39.Nd2 Qd7 40.Qe5 Bb7 41.Qxb8+ Bc8 42.Qb4 h6 43.Rf1 Qe8
44.Bd5+ Kh7 45.Qe4+ Qxe4+ 46.Bxe4+ Kg8 47.Nc4 Re2 48.Bd5+ Kh7 49.Rd1 Bf5
50.a4 h5 51.a5 g5 52.a6 Ra2 53.Ne3 Bg6 54.Bc4 Re2 55.Bxd3 Rxe3 56.Ra1 Re8
57.a7 Ra8 58.Ra5  1-0

[Event "ch-RSA"]
[Site "Milnerton RSA"]
[Date "2007.12.16"]
[Round "4"]
[White "Solomon,K"]
[Black "Mabusela,J"]
[Result "1-0"]
[WhiteElo "2332"]
[BlackElo "2277"]

1.d4 Nf6 2.c4 e6 3.Nf3 b6 4.g3 Ba6 5.Qc2 c5 6.d5 exd5 7.cxd5 d6 8.Nc3 g6
9.Bh3 Bc8 10.Bxc8 Qxc8 11.Bg5 Be7 12.Ne4 Nbd7 13.Qc3 Qd8 14.Bh6 Qc7 15.Nxf6+ Bxf6
16.Qe3+ Kd8 17.Bg5 Kc8 18.Rb1 Kb7 19.Qf4 Bxg5 20.Nxg5 Ne5 21.Ne4 Qe7 22.O-O a5
23.a3 a4 24.b3 axb3 25.Rxb3 Kc7 26.Rfb1 Rhb8 27.Nc3 Kd8 28.Rxb6 Rxb6 29.Rxb6 Ke8
30.Ne4 Kf8 31.Qh6+ Kg8  1-0

[Event "7th Amplico AIG Life"]
[Site "Warsaw POL"]
[Date "2007.12.16"]
[Round "12"]
[White "Szymanska,M"]
[Black "Pileckis,E"]
[Result "0-1"]
[WhiteElo "2220"]
[BlackElo "2349"]

1.d4 Nf6 2.c4 e6 3.Nf3 b6 4.g3 Ba6 5.Qa4 Bb7 6.Bg2 c5 7.O-O cxd4 8.Nxd4 Bxg2
9.Kxg2 Qc8 10.Nc3 Be7 11.f3 O-O 12.e4 d6 13.Be3 Qb7 14.Rfd1 a6 15.Rac1 Rc8
16.Qb3 Nc6 17.Nce2 Ne5 18.Rc3 Rc7 19.Nc2 Rb8 20.Ne1 Nfd7 21.Qc2 Rbc8 22.b3 Nc5
23.Qb1 Rd8 24.Bd4 Nc6 25.Be3 Bf6 26.Rcc1 Ne5 27.Rd2 Be7 28.Rcd1 Nc6 29.Nd3 Rcd7
30.Nc3 Bf6 31.Ne2 Be7 32.Nc3 Ra8 33.Nxc5 bxc5 34.Bxc5 Rad8 35.Be3 Bf6 36.Na4 Be7
37.Qc1 Ne5 38.Qb1 Qc6 39.Nb6 Rb7 40.c5 Rdb8 41.cxd6 Bd8 42.Na4 Qxa4 43.Qa1 Qb5
44.a4 Qa5 45.Bd4 Nd7 46.Bxg7 Rxb3 47.Bh6 Bf6 48.Qa2 Qh5 49.Bf4 Qxf3+ 50.Kg1 Rb2
51.Qc4 Rxd2  0-1

[Event "7th Amplico AIG Life"]
[Site "Warsaw POL"]
[Date "2007.12.16"]
[Round "13"]
[White "Barwinski,D"]
[Black "Adamski,J"]
[Result "1/2-1/2"]
[WhiteElo "2174"]
[BlackElo "2341"]

1.d4 Nf6 2.c4 e6 3.Nf3 b6 4.g3 Ba6 5.b3 d5 6.Qc2 Bb4+ 7.Bd2 Be7 8.Bg2 O-O
9.O-O c5 10.dxc5 Bxc5 11.Bg5 Nbd7 12.Nbd2 Rc8 13.Qb2 h6 14.Bf4 Qe7 15.a3 dxc4
16.Nxc4 Bxc4 17.bxc4 Bd6 18.Bxd6 Qxd6 19.Rfd1 Qc7 20.Rac1 a6 21.Qb4 Ne4 22.Nd4 Nec5
23.Nc6 Nb8 24.Nxb8 Rxb8 25.Rd4 Rfd8 26.Rcd1 Rxd4 27.Rxd4 Rd8 28.e3 e5 29.Rxd8+ Qxd8
30.Bd5 g6 31.Qb2 Qd6 32.Kg2 Kg7 33.f4 Nd7 34.Qb4 Qf6 35.Qa4 Nc5 36.Qe8 exf4
37.gxf4 g5 38.Kf3 h5 39.Kg3 Qf5 40.fxg5 Nd3 41.Qe4 Qxg5+ 42.Kf3 Ne5+ 43.Ke2 f6
44.Qf4 Ng6 45.Qc7+ Kh6 46.Qxb6 Qe5 47.Kd3 Qa1 48.Ke4 Kg5 49.Qe6 Qb1+ 50.Kd4 Qb2+
51.Ke4 Qc2+ 52.Kd4 Qa2 53.Ke4 Qc2+ 54.Kd4 Qb2+  1/2-1/2

[Event "7th Amplico AIG Life"]
[Site "Warsaw POL"]
[Date "2007.12.16"]
[Round "13"]
[White "Budrewicz,K"]
[Black "Sulskis,S"]
[Result "0-1"]
[WhiteElo "2277"]
[BlackElo "2527"]

1.d4 Nf6 2.c4 e6 3.Nf3 b6 4.g3 Ba6 5.b3 Bb4+ 6.Bd2 Be7 7.Bg2 c6 8.Nc3 d5
9.O-O O-O 10.cxd5 cxd5 11.Ne5 Bb7 12.Bg5 Nbd7 13.Rc1 Nxe5 14.dxe5 Nd7 15.Bxe7 Qxe7
16.Qd4 Qc5 17.e3 Qxd4 18.exd4 Ba6 19.Rfe1 Rac8 20.Bf1 Bxf1 21.Kxf1 a6 22.Ke2 f6
23.f4 fxe5 24.fxe5 Kf7 25.Ke3 Ke7 26.Ne2 Nb8 27.Nf4 Nc6 28.Nd3 g5 29.b4 h6
30.a3 Na7 31.a4 Rc4 32.a5 bxa5 33.bxa5 Nb5 34.Rxc4 dxc4 35.Nc5 g4 36.Rc1 Rf3+
37.Ke4 Nc3+ 38.Rxc3 Rxc3 39.Nxa6 Ra3 40.Nb4 Ra4 41.Nc2 Rxa5 42.Ne3 c3 43.Kd3 h5
44.Kxc3 Ra1 45.Kd3 Rh1 46.Ke4 Rxh2 47.d5 Rf2 48.dxe6 Kxe6 49.Nd5 Re2+ 50.Ne3 Re1
51.Kf4 Kf7 52.Ng2 Re2 53.Nh4 Ke6 54.Ng6 Rg2 55.Nh4 Rg1 56.Ng6 Kd5 57.Ne7+ Ke6
58.Ng6 Rf1+ 59.Kg5 Rf5+ 60.Kh4 Kf7 61.Nf4 Rxe5 62.Nxh5 Kg6 63.Nf4+ Kf5 64.Kh5 Re7
65.Kh6 Re3 66.Nh5 Re6+ 67.Kg7 Ke4 68.Kf7 Ra6  0-1

[Event "4th SICC Masters"]
[Site "Singapore SIN"]
[Date "2007.12.17"]
[Round "2"]
[White "Paciencia,E"]
[Black "Sandipan,C"]
[Result "1-0"]
[WhiteElo "2431"]
[BlackElo "2593"]

1.d4 Nf6 2.c4 e6 3.Nf3 b6 4.g3 Ba6 5.b3 Bb4+ 6.Bd2 Be7 7.Bg2 c6 8.Bc3 d5
9.Ne5 Nfd7 10.Nxd7 Nxd7 11.Nd2 O-O 12.O-O f5 13.Rc1 Ba3 14.Rc2 Bd6 15.Bb2 Bb7
16.Nf3 Qe7 17.Qd3 Rad8 18.Rfc1 c5 19.e3 Nf6 20.Qe2 dxc4 21.bxc4 cxd4 22.exd4 Be4
23.Rc3 Rfe8 24.c5 Bb8 25.Re3 Qb7 26.Ne1 Bxg2 27.Nxg2 Qd5 28.Rb3 e5 29.dxe5 Bxe5
30.Ne3 Qf7 31.cxb6 axb6 32.Bxe5 Rxe5 33.Qb2 Ra5 34.Rxb6 Rxa2 35.Qe5 Ng4 36.Rb8 Ra8
37.Rxa8 Rxa8 38.Qxf5 Nxe3 39.Rc8+ Rxc8 40.Qxc8+ Qf8 41.Qxf8+ Kxf8 42.fxe3 g5
43.Kf2 h5 44.e4 Ke7 45.Ke3 Ke6 46.Kd4 h4 47.g4  1-0

[Event "4th SICC Masters"]
[Site "Singapore SIN"]
[Date "2007.12.18"]
[Round "3"]
[White "Kuznetsov,Ki"]
[Black "Megaranto,S"]
[Result "0-1"]
[WhiteElo "2252"]
[BlackElo "2569"]

1.d4 Nf6 2.c4 e6 3.Nf3 b6 4.g3 Ba6 5.b3 Bb7 6.Bg2 Bb4+ 7.Bd2 a5 8.O-O O-O
9.Nc3 d6 10.Qc2 Nbd7 11.a3 Bxc3 12.Bxc3 Be4 13.Qb2 Qb8 14.a4 Qb7 15.Bh3 c6
16.Nd2 d5 17.Nxe4 Nxe4 18.Be1 Rfd8 19.cxd5 cxd5 20.f3 Nd6 21.Bd2 b5 22.Bg5 Rdc8
23.Bf4 Nf5 24.e4 Ne7 25.Bd6 Ng6 26.e5 bxa4 27.Rxa4 Qb5 28.Rf2 Qd3 29.Bf1 Qe3
30.Ra3 Qg5 31.f4 Qd8 32.Qa1 Ne7 33.Bd3 Nc6 34.f5 Qb6 35.fxe6 fxe6 36.Bxh7+ Kxh7
37.Qd1 Rf8 38.Qh5+ Kg8 39.Bxf8 Rxf8 40.Rxf8+ Nxf8 41.Qg4 Nxd4 42.Kf1 Nc6
43.Qf4 Ng6  0-1

[Event "4th SICC Masters"]
[Site "Singapore SIN"]
[Date "2007.12.18"]
[Round "4"]
[White "Gonzales,Jay"]
[Black "Zhang Zhong"]
[Result "0-1"]
[WhiteElo "2454"]
[BlackElo "2634"]

1.d4 Nf6 2.Nf3 e6 3.c4 b6 4.g3 Ba6 5.b3 Bb7 6.Bg2 Bb4+ 7.Bd2 a5 8.a3 Be7
9.Nc3 d5 10.Ne5 O-O 11.O-O Nbd7 12.Bf4 c5 13.cxd5 Nxd5 14.Nxd5 exd5 15.dxc5 Nxe5
16.Bxe5 bxc5 17.e3 Qd7 18.a4 Rfd8 19.Rc1 Qe6 20.Ba1 Bf8 21.Qc2 Rd7 22.Rfd1 Rad8
23.Rd2 Ba6 24.Bc3 Qb6 25.Rcd1 d4 26.exd4 cxd4 27.Qf5 Bc5 28.Qf4 Rd6 29.Ba1 Qxb3
30.Be4 Qb6 31.Qe5 Re6 32.Qf4 g6 33.h4 h5 34.Bg2 Red6 35.Qe5 Bc4 36.Rc1 f6
37.Qe4 Bf7 38.Rdc2 d3 39.Rxc5 d2 40.Kh2 dxc1=Q 41.Rxc1 Qxf2 42.Rf1 Qb6 43.Qf4 Kg7
44.Bc3 Re6 45.Bd2 Re2 46.Bc3 Rd6 47.Kh1 Ree6 48.Kh2 Qc5 49.Rf3 Qa7 50.Rf1 Kg8
51.Rf2 Qc5 52.Rf3 Re2 53.Bxf6 Qc2  0-1

[Event "4th SICC Masters"]
[Site "Singapore SIN"]
[Date "2007.12.19"]
[Round "5"]
[White "Simanjuntak,S"]
[Black "Chan Wei Xuan,T"]
[Result "1-0"]
[WhiteElo "2271"]
[BlackElo "2231"]

1.d4 Nf6 2.c4 e6 3.Nf3 b6 4.g3 Ba6 5.b3 Bb7 6.Bg2 Bb4+ 7.Bd2 c5 8.O-O O-O
9.Bxb4 cxb4 10.a3 Na6 11.Ne5 Bxg2 12.Kxg2 bxa3 13.Rxa3 Nb4 14.Nc3 d6 15.Nd3 Nc6
16.e3 Na5 17.Qf3 Qe7 18.Rfa1 Nd7 19.b4 Nxc4 20.Rxa7 Rxa7 21.Rxa7 d5 22.Nb5 Qd8
23.Qf4 Nf6 24.Qc7 h6 25.h3 Ne4 26.Qxd8 Rxd8 27.Rc7 Ra8 28.Na7 Ned6 29.Kf3 Kf8
30.Ke2 Ke8 31.Ne5 Kd8 32.Rd7+ Ke8 33.Nac6 Nxe5 34.Nxe5 Ra2+ 35.Kf1 Nc4 36.Rb7 Rb2
37.Nxc4 dxc4 38.Rxb6 Kd7 39.Rb5 c3 40.Rc5 c2 41.Kg2 e5 42.dxe5 Ke6 43.Kf3 h5
44.Ke4 h4 45.g4 Rxb4+ 46.Kd3 Rb1 47.Rxc2 Rh1 48.Ke4 Rxh3 49.Rc7 g6 50.f4 f5+
51.exf6 Kxf6 52.g5+ Ke6 53.Rg7  1-0